Diseño e implementación de un controlador difuso con conjuntos rectos utilizando micro controladores pic / (Registro nro. 4740)
[ vista simple ]
| 000 -LEADER | |
|---|---|
| fixed length control field | 01903nam a2200253 4500 |
| 001 - CONTROL NUMBER | |
| control field | 0000000571 |
| 005 - DATE AND TIME OF LATEST TRANSACTION | |
| control field | 20250329165447.0 |
| 008 - FIXED-LENGTH DATA ELEMENTS--GENERAL INFORMATION | |
| fixed length control field | 170718s2009 000 0 eng d |
| 040 ## - CATALOGING SOURCE | |
| Original cataloging agency | CO-CtgCURN |
| Language of cataloging | spa |
| Transcribing agency | coctgcurn |
| 082 0# - DEWEY DECIMAL CLASSIFICATION NUMBER | |
| Classification number | INS 2009 |
| Item number | B565 |
| 100 1# - MAIN ENTRY--PERSONAL NAME | |
| Personal name | Better Jimenez, Roberth. |
| 245 10 - TITLE STATEMENT | |
| Title | Diseño e implementación de un controlador difuso con conjuntos rectos utilizando micro controladores pic / |
| Statement of responsibility, etc. | Roberth Better Jimenez; Carlos Andres Lorduy Vergara; Ali Guillermo Bossa Salvador; Director: Luis Fernando Murillo Fernandez. |
| 260 ## - PUBLICATION, DISTRIBUTION, ETC. | |
| Place of publication, distribution, etc. | Cartagena de Indias : |
| Name of publisher, distributor, etc. | Corporacion Universitaria Rafael Nuñez, |
| Date of publication, distribution, etc. | 2009. |
| 504 ## - BIBLIOGRAPHY, ETC. NOTE | |
| Bibliography, etc. note | Trabajo de grado (Ingeniero de Sistemas). Corporacion Universitaria Rafael Nuñez. Facultad de Ingenieria. Ingenieria de Sistemas, 2009. |
| 520 ## - SUMMARY, ETC. | |
| Summary, etc. | La logica difusa ha cobrado una fama grande por la variedad de sus aplicaciones, las cuales van desde el control de complejos procesos industriales, hasta el diseño de dispositivos artificiales de deduccion automatica, pasando por la construccion de artefactos electronicos de uso domestico y de entretenimiento, asi como tambien de sistemas de diagnostico. De hecho, desde hace ya, al menos, decada y media, la expedicion de patentes industriales de mecanismos basados en la logica difusa tiene un crecimiento sumamente rapido en todas las naciones industrializadas del orbe. |
| 650 #0 - SUBJECT ADDED ENTRY--TOPICAL TERM | |
| Topical term or geographic name entry element | Ingenieria de sistemas |
| General subdivision | Tesis y disertaciones academicas. |
| 700 1# - ADDED ENTRY--PERSONAL NAME | |
| Personal name | Better Jimenez, Roberth. |
| 700 1# - ADDED ENTRY--PERSONAL NAME | |
| Personal name | Lorduy Vergara, Carlos Andres. |
| 700 1# - ADDED ENTRY--PERSONAL NAME | |
| Personal name | Bossa Salvador, Ali Guillermo. |
| 700 1# - ADDED ENTRY--PERSONAL NAME | |
| Personal name | Murillo Fernandez, Luis Fernando. |
| 856 7# - ELECTRONIC LOCATION AND ACCESS | |
| Uniform Resource Identifier | <a href="https://unicurn.sharepoint.com/:b:/s/biblioteca/EVQsu9UDV4BOgvr6RIsnRdAB5Bfos_pLPytVl5dgvb16RQ?e=MhcdBe">https://unicurn.sharepoint.com/:b:/s/biblioteca/EVQsu9UDV4BOgvr6RIsnRdAB5Bfos_pLPytVl5dgvb16RQ?e=MhcdBe</a> |
| Public note | Click aqui para ver el texto completo |
| 942 ## - ADDED ENTRY ELEMENTS (KOHA) | |
| Classification part | INS 2009 |
| Item part | B565 |
| Source of classification or shelving scheme | Dewey Decimal Classification |
| Koha item type | Trabajos de grado |
| Withdrawn status | Lost status | Source of classification or shelving scheme | Damaged status | Not for loan | Collection | Home library | Current library | Shelving location | Date acquired | Source of acquisition | Cost, normal purchase price | Total checkouts | Full call number | Barcode | Date last seen | Copy number | Price effective from | Koha item type |
|---|---|---|---|---|---|---|---|---|---|---|---|---|---|---|---|---|---|---|
| Dewey Decimal Classification | Trabajos de grado | Miguel Henríquez Castañeda | Miguel Henríquez Castañeda | Trabajo de grado | 01/06/2017 | El autor | 350000.00 | INS 2009 B565 | 020890 | 01/06/2017 | 1 | 01/06/2017 | Trabajos de grado |